Statistics for Top Chocolate-Exporting Countries 🍫

Click here to take the quiz!

General Stats

  • This quiz has been taken 946 times
    (543 since last reset)
  • The average score is 12 of 15

Answer Stats

%$Country% Correct
4.91,400United States
96%
174,900Germany
92%
2.6752Switzerland
92%
3.51,000United Kingdom
92%
4.61,300France
90%
113,100Belgium
89%
7.32,100Italy
88%
1.6471Spain
86%
5.61,600Canada
84%
6.41,800Netherlands
80%
2.5729Russia
80%
1.6445Austria
76%
2.1604Mexico
74%
7.32,080Poland
73%
1.9555Turkey
56%

Score Distribution

Percentile by Number Answered

Percent of People with Each Score

Your Score History

You have not taken this quiz since the last reset